Heathers- Youre Welcome - Statistics

General Stats
  • This quiz has been taken 114 times
  • The average score is 339 of 498
Answer Stats
Hint Answer % Correct
we
96%
you
96%
a
93%
your
93%
he
90%
i
90%
no
88%
you're
88%
youre
88%
both Youre
88%
wear
86%
can
85%
the
85%
are
84%
welcome
84%
Ram | both | kurt hey
83%
kurt Hey
83%
in
83%
my
83%
on
83%
that
83%
that?
83%
and
81%
like
81%
what?
81%
what
81%
when
81%
where
81%
girl
80%
ram not
80%
to
80%
get
79%
hear
79%
look
79%
is
78%
this
78%
both | kurt once
76%
were
76%
me
75%
now
75%
can't
74%
cant
74%
car
74%
from
74%
ram how
74%
ram it
74%
there
74%
always
73%
got
73%
it's
73%
its
73%
nerdy
73%
they
73%
could
71%
dressed
71%
veronica Dressed
71%
just
71%
try
71%
be
70%
geeky
70%
have
70%
her
70%
im
70%
keys
70%
tree,
70%
us
70%
far
69%
here
69%
cause
68%
dirty
68%
expect
68%
hair
68%
trap
68%
with
68%
cheese
66%
climb
66%
leave
66%
theyre
66%
kurt yeah
66%
correction
65%
cow
65%
freaky
65%
heavier
65%
never
65%
one
65%
our
65%
scream
65%
well
65%
youve
65%
pounds
64%
rat
64%
smell
64%
star
64%
enough
63%
flirty
63%
good
63%
hundred
63%
lovin
63%
of
63%
kurt oh
63%
yards
63%
kurt aw,
61%
body
61%
ram come
61%
fifty
61%
fool
61%
for
61%
grab
61%
play
61%
real
61%
want
61%
football
60%
friendly
60%
hes
60%
he's
60%
say
60%
cool
59%
danger
59%
drill
59%
drool
59%
ignore
59%
nobody
59%
til
59%
torture
59%
trying
59%
way
59%
kurt but
58%
by
58%
class
58%
veronica dear
58%
Diary
58%
dont
58%
hotter
58%
I'd
58%
won
58%
ram | x4 ill
56%
both popular
56%
stay
56%
trunk
56%
while
56%
why
56%
control
55%
dark
55%
gotten
55%
Maserati!
55%
nothing
55%
ourselves
55%
pasture
55%
skirt
55%
their
55%
all
54%
wanted
54%
was
54%
awake
53%
aware
53%
bad
53%
dream
53%
everyday
53%
junk
53%
tasty
53%
kurt thats
53%
treat
53%
walks
53%
back
51%
punk
51%
tamed
51%
then
51%
blamed
50%
dribbling
50%
hunk
50%
move
50%
tries
50%
wont
50%
ass
49%
break
49%
fault
49%
last
49%
lie
49%
make
49%
save
49%
wearin
49%
whats
49%
chance
48%
fur
48%
grass
48%
if
48%
mud
48%
so
48%
stare
48%
dog
46%
leg
46%
squeeze
46%
both stroke
46%
ram baby
45%
manure
45%
purr
45%
staring
45%
sweep
45%
youll
45%
grabby
44%
hungry
44%
inflamed
44%
lap
44%
both Wheres
43%
grotty
41%
or
41%
beef
40%
everywhere
40%
grody
40%
hell
40%
knee
40%
Kurt OW
40%
pretty
40%
veronica see
40%
gently
39%
hurt
39%
leak
39%
pros
39%
still
39%
sure
39%
sweet
39%
aint
38%
avoid
38%
beg
38%
joined
38%
sewage
38%
squoze
38%
wonder
38%
yell
38%
kurt | ram ah
36%
kurt call
36%
self-defence
36%
up
36%
kurt wait
36%
dude
35%
bring
34%
heart
34%
keg
34%
x5 loving
34%
powder
34%
wendy
34%
god
33%
HUH
33%
ram Huh
33%
steal
33%
thief
33%
accidently
30%
kurt hit
30%
lets
29%
veroncia swell
29%
tell
29%
dwell
26%
stinks
21%
gross
16%
wreak
9%
her well
5%
reflief
3%
No matching quizzes found
Score Distribution
Percent of People with Each Score
Percentile by Number Answered
Your Score History
You have not taken this quiz